Normal view
MARC view
- Maj Dr. Irfan Abid
Entry Personal Name
001 - CONTROL NUMBER
- control field: 51417
003 - CONTROL NUMBER IDENTIFIER
- control field: NUST
005 - DATE AND TIME OF LATEST TRANSACTION
- control field: 20210314134956.0
008 - FIXED-LENGTH DATA ELEMENTS
- fixed length control field: 210314|| aca||aabn | a|a d
040 ## - CATALOGING SOURCE
- Original cataloging agency: NUST
- Transcribing agency: NUST
100 ## - HEADING--PERSONAL NAME
- Personal name: Maj Dr. Irfan Abid
670 ## - SOURCE DATA FOUND
- Source citation: Work cat.: (NUST): Capt Haroon Amal Khattak 51416, Effects of Metered Water Connections in a Residential Society , 2018.
